[Event "WchT Seniors 65"]
[Site "Vilnius"]
[Date "2014.07.13"]
[Round "1.3"]
[White "Titz, Heimo"]
[Black "Sakovich, Igor"]
[Result "1/2-1/2"]
[WhiteElo "2157"]
[BlackElo "2181"]
[PlyCount "87"]
[EventDate "2014.07.13"]
[EventType "team-swiss"]
[EventRounds "9"]
[EventCountry "LTU"]
[SourceTitle "CBM 161 Extra"]
[Source "ChessBase"]
[SourceDate "2014.08.29"]
[SourceVersion "1"]
[SourceVersionDate "2014.08.29"]
[SourceQuality "1"]
[WhiteTeam "Austria"]
[BlackTeam "Latvia"]
[WhiteTeamCountry "AUT"]
[BlackTeamCountry "LAT"]

1. c4 e5 2. Nc3 Bb4 3. g3 Nf6 4. Bg2 0-0 5. Nf3 Re8 6. 0-0 e4 7. Nd4 Bxc3 8. dxc3 d6 9. h3 Nbd7 10. Be3 Ne5 11. b3 Bd7 12. Qd2 h6 13. f4 exf3 14. exf3 Nc6 15. Rae1 Re7 16. Bf2 Nxd4 17. Bxd4 Rxe1 18. Rxe1 Bc6 19. f4 Bxg2 20. Qxg2 c6 21. Qe2 c5 22. Bxf6 Qxf6 23. Qf3 Rd8 24. Re3 Qf5 25. Kg2 Qd7 26. g4 Kf8 27. Qd5 Qc6 28. Qxc6 bxc6 29. Kf3 a5 30. Ke2 Rb8 31. Kd3 a4 32. Kc2 axb3+ 33. axb3 Rb7 34. Re1 Ra7 35. Kb2 Rb7 36. Re3 g6 37. Ka3 Ra7+ 38. Kb2 Rb7 39. Re1 Rb8 40. Ka3 Ra8+ 41. Kb2 Rb8 42. Re3 Rb7 43. Re1 Rb8 44. Re3 1/2-1/2

[Event "Pardubice Czech op 22nd"]
[Site "Pardubice"]
[Date "2011.07.24"]
[Round "3"]
[White "Aliavdin, Nikolai"]
[Black "Sakovich, Igor"]
[Result "0-1"]
[WhiteElo "2392"]
[BlackElo "2218"]
[PlyCount "112"]
[EventDate "2011.07.22"]
[EventType "swiss"]
[EventRounds "9"]
[EventCountry "CZE"]
[SourceTitle "CBM 143 Extra"]
[Source "ChessBase"]
[SourceDate "2011.08.29"]
[SourceVersion "1"]
[SourceVersionDate "2011.08.29"]
[SourceQuality "1"]

1. e4 c5 2. Nf3 e6 3. d4 cxd4 4. Nxd4 a6 5. Bd3 Bc5 6. Nb3 Ba7 7. Qe2 Nc6 8. Be3 Bxe3 9. Qxe3 Nge7 10. N1d2 0-0 11. f4 d6 12. 0-0-0 b5 13. Kb1 Qc7 14. Nf3 f6 15. g4 e5 16. f5 d5 17. exd5 Nxd5 18. Qc5 Nf4 19. Be4 Bb7 20. Rd6 Rac8 21. Rhd1 Nb8 22. Qxc7 Rxc7 23. Bxb7 Rxb7 24. Nc5 Rd7 25. c3 Kf7 26. g5 Rc7 27. Ne4 Ke7 28. gxf6+ gxf6 29. Rb6 Rd7 30. Rxd7+ Nxd7 31. Rxa6 Nd5 32. Re6+ Kd8 33. Rd6 N5b6 34. Nc5 Kc7 35. Rxb6 Nxc5 36. Rxb5 Ne4 37. Rb4 Nd6 38. Rh4 Rf7 39. Rh5 Kc6 40. Kc2 Kd5 41. b3 Ke4 42. Nd2+ Kf4 43. Nc4 Nxc4 44. Rh4+ Kf3 45. Rxc4 e4 46. Rc6 e3 47. Re6 e2 48. a4 Rd7 49. a5 Rd6 50. Rxe2 Kxe2 51. c4 Ke3 52. Kc3 Ke4 53. c5 Rd1 54. Kc4 Kxf5 55. a6 Ke6 56. Kb5 Kd7 0-1

[Event "Pardubice Czech op 22nd"]
[Site "Pardubice"]
[Date "2011.07.22"]
[Round "1"]
[White "Akesson, Ralf"]
[Black "Sakovich, Igor"]
[Result "1/2-1/2"]
[WhiteElo "2429"]
[BlackElo "2218"]
[PlyCount "105"]
[EventDate "2011.07.22"]
[EventType "swiss"]
[EventRounds "9"]
[EventCountry "CZE"]
[SourceTitle "CBM 143 Extra"]
[Source "ChessBase"]
[SourceDate "2011.08.29"]
[SourceVersion "1"]
[SourceVersionDate "2011.08.29"]
[SourceQuality "1"]

1. Nf3 d5 2. d4 Bf5 3. c4 e6 4. Nc3 Nc6 5. Bf4 Nf6 6. e3 Be7 7. Be2 0-0 8. h3 Ne4 9. 0-0 Nxc3 10. bxc3 Bd6 11. cxd5 exd5 12. Bxd6 Qxd6 13. Qa4 a6 14. c4 b5 15. cxb5 axb5 16. Qxb5 Rfb8 17. Qc5 Qxc5 18. dxc5 Rb2 19. Bd1 Rbxa2 20. Rxa2 Rxa2 21. Bb3 Ra5 22. Bxd5 Rxc5 23. e4 Be6 24. Bxe6 fxe6 25. Rd1 h6 26. Rd7 Ne5 27. Nxe5 Rxe5 28. f3 Rc5 29. Kh2 Kh7 30. g4 Kg6 31. h4 e5 32. Kg3 Kf6 33. g5+ hxg5 34. hxg5+ Kxg5 35. Rxg7+ Kf6 36. Rh7 Kg6 37. Rh8 Rc1 38. Rf8 c6 39. Rf5 Rg1+ 40. Kf2 Rg5 41. Rf8 Kg7 42. Rc8 Rg6 43. Rc7+ Kf8 44. Ra7 Ke8 45. Rh7 Kd8 46. Ke3 Ke8 47. Rh5 Re6 48. Kd3 Kd7 49. Rf5 Kd6 50. Kc4 Rh6 51. Rf8 Rh1 52. Rf6+ Kd7 53. Rf8 1/2-1/2

[Event "Pardubice op-A"]
[Site "Pardubice"]
[Date "2006.07.29"]
[Round "9"]
[White "Kukel, Imre1111"]
[Black "Sakovich, Igor"]
[Result "1/2-1/2"]
[WhiteElo "2328"]
[BlackElo "2235"]
[PlyCount "53"]
[EventDate "2006.07.21"]
[EventType "swiss"]
[EventRounds "9"]
[EventCountry "CZE"]
[SourceTitle "CBM 113 Extra"]
[Source "ChessBase"]
[SourceDate "2006.09.14"]
[SourceVersion "1"]
[SourceVersionDate "2006.09.14"]
[SourceQuality "1"]

1. e4 c5 2. Nf3 e6 3. d4 cxd4 4. Nxd4 a6 5. Bd3 Bc5 6. Nb3 Be7 7. Be3 d6 8. N1d2 Nf6 9. f4 Qc7 10. Qe2 Nbd7 11. g4 g6 12. 0-0-0 b5 13. Kb1 Bb7 14. Rhf1 Nc5 15. Bd4 Nxb3 16. Nxb3 e5 17. Bc3 Nd7 18. Qf2 f6 19. g5 0-0 20. gxf6 Rxf6 21. f5 Kh8 22. Rg1 Rg8 23. Ba5 Qc8 24. Bd2 Qf8 25. Qa7 Qa8 26. Qe3 gxf5 27. exf5 1/2-1/2

[Event "Pardubice op-A"]
[Site "Pardubice"]
[Date "2005.07.23"]
[Round "2"]
[White "Szymanski, Marcin"]
[Black "Sakovich, Igor"]
[Result "1-0"]
[WhiteElo "2435"]
[BlackElo "2248"]
[PlyCount "105"]
[EventDate "2005.07.22"]
[EventType "swiss"]
[EventRounds "9"]
[EventCountry "CZE"]
[SourceTitle "CBM 107 Extra"]
[Source "ChessBase"]
[SourceDate "2005.09.01"]
[SourceVersion "1"]
[SourceVersionDate "2005.09.01"]
[SourceQuality "1"]

1. d4 c5 2. d5 g6 3. e4 d6 4. Nc3 Bg7 5. h3 Nf6 6. Nf3 0-0 7. a4 Na6 8. Bf4 Nd7 9. Be2 Nc7 10. 0-0 b6 11. Qd2 a6 12. Bh6 Rb8 13. b4 cxb4 14. Bxg7 Kxg7 15. Qd4+ f6 16. Qxb4 Nc5 17. Nd4 Bd7 18. f4 Qe8 19. Bf3 b5 20. a5 e5 21. dxe6 N7xe6 22. Nxe6+ Bxe6 23. Rfe1 Rc8 24. Rad1 Qe7 25. Qd4 Rcd8 26. Qb4 Qc7 27. Ne2 Nb7 28. Nd4 Bf7 29. Kh1 Rfe8 30. Ra1 Rc8 31. Ra3 Bc4 32. Bg4 Rcd8 33. Rc3 f5 34. Bxf5 Qc5 35. Rxc4 Qxc4 36. Ne6+ Rxe6 37. Qxc4 bxc4 38. Bxe6 Nxa5 39. Ra1 Nb7 40. Rxa6 Nc5 41. Ra7+ Kh6 42. Bd5 Rf8 43. g3 g5 44. f5 Re8 45. f6 Rf8 46. f7 Kg7 47. Kg2 Kf6 48. Kf3 h5 49. Bxc4 Ne6 50. Bxe6 Kxe6 51. Ke3 Kf6 52. Ra5 Kg6 53. Rf5 1-0

[Event "Brno Duras BVK op-A"]
[Site "Brno"]
[Date "2002.??.??"]
[Round "9"]
[White "Chytilek, Roman"]
[Black "Sakovich, Igor"]
[Result "1-0"]
[WhiteElo "2386"]
[BlackElo "2311"]
[PlyCount "53"]
[EventDate "2002.??.??"]
[EventType "swiss"]
[EventRounds "9"]
[EventCountry "CZE"]
[SourceTitle "EXT 2006"]
[Source "ChessBase"]
[SourceDate "2005.11.24"]
[SourceVersion "1"]
[SourceVersionDate "2005.11.24"]
[SourceQuality "1"]

1. e4 c5 2. Nf3 e6 3. d4 cxd4 4. Nxd4 a6 5. Nc3 Qc7 6. Bd3 Nc6 7. Be3 Nf6 8. 0-0 h5 9. h3 b5 10. Nxc6 Qxc6 11. Be2 Bb7 12. Bf3 e5 13. Nd5 Nxd5 14. exd5 Qg6 15. Re1 Bd6 16. a4 b4 17. c3 bxc3 18. bxc3 Rc8 19. Rb1 Ba8 20. Rb6 0-0 21. Bxh5 Qf6 22. Qg4 Qe7 23. Bh6 f5 24. Qxg7+ Qxg7 25. Bxg7 Kxg7 26. Rxd6 e4 27. Re3 1-0

[Event "Brno Duras BVK op-A"]
[Site "Brno"]
[Date "2002.??.??"]
[Round "6"]
[White "Smistik, Milan"]
[Black "Sakovich, Igor"]
[Result "1/2-1/2"]
[WhiteElo "2199"]
[BlackElo "2311"]
[PlyCount "82"]
[EventDate "2002.??.??"]
[EventType "swiss"]
[EventRounds "9"]
[EventCountry "CZE"]
[SourceTitle "EXT 2006"]
[Source "ChessBase"]
[SourceDate "2005.11.24"]
[SourceVersion "1"]
[SourceVersionDate "2005.11.24"]
[SourceQuality "1"]

1. e4 c5 2. Nf3 e6 3. d4 cxd4 4. Nxd4 a6 5. Nc3 Qc7 6. Bd3 Nc6 7. Nxc6 dxc6 8. 0-0 e5 9. f4 Bc5+ 10. Kh1 Nf6 11. fxe5 Ng4 12. Qf3 Be6 13. Ne2 0-0-0 14. Bf4 h5 15. h3 Qb6 16. Bg5 Rde8 17. Nf4 Nxe5 18. Qg3 Bd7 19. Ne2 f6 20. Bf4 Ng4 21. b4 Qxb4 22. Bxa6 Qa5 23. Bd3 g5 24. Bd6 h4 25. Bc7 hxg3 26. Bxa5 Nf2+ 27. Rxf2 Bxf2 28. Be1 g4 29. Nxg3 Bxe1 30. Rxe1 gxh3 31. gxh3 Bxh3 32. Kg1 Kc7 33. Bc4 Be6 34. Bb3 Bxb3 35. axb3 Reg8 36. Kg2 Kd6 37. Re2 Ke5 38. c3 Rh7 39. Rf2 Rg5 40. Rf5+ Rxf5 41. exf5 Rg7 1/2-1/2

[Event "Pardubice Czech op"]
[Site "Pardubice"]
[Date "2001.07.20"]
[Round "1"]
[White "Sakovich, Igor"]
[Black "Groszpeter, Attila"]
[Result "1/2-1/2"]
[WhiteElo "2268"]
[BlackElo "2495"]
[PlyCount "33"]
[EventDate "2001.07.20"]
[EventType "swiss"]
[EventRounds "9"]
[EventCountry "CZE"]
[SourceTitle "CBM 083 Extra"]
[Source "ChessBase"]
[SourceDate "2001.09.11"]
[SourceVersion "1"]
[SourceVersionDate "2001.09.11"]
[SourceQuality "1"]

1. d4 Nf6 2. Nf3 e6 3. Bg5 c5 4. e3 Nc6 5. c3 d5 6. Nbd2 Be7 7. Bd3 b6 8. Ne5 Nxe5 9. dxe5 Nd7 10. Bxe7 Qxe7 11. f4 f6 12. exf6 gxf6 13. 0-0 Bb7 14. Qh5+ Qf7 15. Qe2 Rg8 16. Rf2 0-0-0 17. a4 1/2-1/2

[Event "Brno Duras BVK op-A"]
[Site "Brno"]
[Date "2001.??.??"]
[Round "4"]
[White "Sakovich, Igor"]
[Black "Vechet, Stanislav"]
[Result "1-0"]
[WhiteElo "2285"]
[BlackElo "2245"]
[PlyCount "69"]
[EventDate "2001.??.??"]
[EventType "swiss"]
[EventRounds "9"]
[EventCountry "CZE"]
[SourceTitle "EXT 2003"]
[Source "ChessBase"]
[SourceDate "2002.11.25"]
[SourceVersion "1"]
[SourceVersionDate "2002.11.25"]
[SourceQuality "1"]

1. d4 d5 2. c4 e6 3. Nc3 Nf6 4. cxd5 exd5 5. Bg5 c6 6. Qc2 Be7 7. e3 0-0 8. Bd3 Nbd7 9. Nf3 Re8 10. h3 h6 11. Bf4 Nf8 12. 0-0 Ne6 13. Bh2 a6 14. Rad1 Nd7 15. Rfe1 Ng5 16. Nxd5 Nxf3+ 17. gxf3 Bd6 18. Bxd6 Qg5+ 19. Bg3 Qxd5 20. a3 Qxf3 21. Bf1 Nf6 22. Bg2 Qh5 23. Qe2 Qg6 24. Kh2 Bf5 25. Be5 Ne4 26. Bxe4 Bxe4 27. Rg1 Qe6 28. Rxg7+ Kf8 29. Rg3 Ke7 30. f3 Bg6 31. e4 c5 32. Qd2 Red8 33. Qc3 cxd4 34. Bxd4 Rac8 35. Bc5+ 1-0

[Event "Rymarov op"]
[Site "Rymarov"]
[Date "1999.??.??"]
[Round "?"]
[White "Vesselovsky, Serguei"]
[Black "Sakovich, Igor"]
[Result "1/2-1/2"]
[WhiteElo "2420"]
[BlackElo "2300"]
[PlyCount "80"]
[EventDate "1999.??.??"]
[EventType "swiss"]
[EventRounds "9"]
[EventCountry "CZE"]
[SourceTitle "EXT 2003"]
[Source "ChessBase"]
[SourceDate "2002.11.25"]
[SourceVersion "1"]
[SourceVersionDate "2002.11.25"]
[SourceQuality "1"]

1. e4 c5 2. g3 Nc6 3. Bg2 g6 4. Nf3 Bg7 5. 0-0 e5 6. d3 Nge7 7. c3 d6 8. Nh4 Be6 9. f4 Qd7 10. Nd2 0-0 11. Ndf3 d5 12. f5 gxf5 13. Ng5 h6 14. Nxe6 fxe6 15. Qh5 Qe8 16. Qxe8 Raxe8 17. Bh3 fxe4 18. Bxe6+ Kh7 19. dxe4 Rxf1+ 20. Kxf1 dxe4 21. Be3 b6 22. Ke2 Bf6 23. Nf5 Bg5 24. Nd6 Rf8 25. Nxe4 Bxe3 26. Kxe3 Nd8 27. Bb3 Nb7 28. Rd1 Nf5+ 29. Ke2 Rd8 30. Rf1 Nbd6 31. Nxd6 Nxd6 32. Rf6 Rd7 33. Rf1 Kg7 34. Rd1 Rd8 35. Rd5 Kf6 36. Kf3 Rf8 37. Ke2 Rd8 38. Kf3 Rf8 39. Ke2 Rd8 40. Kf3 Rf8 1/2-1/2

[Event "Decin op"]
[Site "Decin"]
[Date "1997.??.??"]
[Round "8"]
[White "Khurtsidze, Nino"]
[Black "Sakovich, Igor"]
[Result "1-0"]
[WhiteElo "2415"]
[BlackElo "2275"]
[PlyCount "67"]
[EventDate "1997.??.??"]
[EventType "swiss"]
[EventRounds "9"]
[EventCountry "CZE"]
[SourceTitle "EXT 1998"]
[Source "ChessBase"]
[SourceDate "1997.11.17"]
[SourceVersion "1"]
[SourceVersionDate "1997.11.17"]
[SourceQuality "1"]

1. d4 d5 2. Nf3 Bf5 3. c4 e6 4. Qb3 Nc6 5. e3 Rb8 6. cxd5 exd5 7. Bb5 Nge7 8. Nc3 Be6 9. Ne5 f6 10. Nd3 a6 11. Nc5 Bd7 12. Bd3 Bc8 13. 0-0 b5 14. Be2 Na5 15. Qc2 f5 16. Bd2 Nc4 17. a4 Nxd2 18. Qxd2 b4 19. Na2 a5 20. Nc1 g5 21. N1b3 Ra8 22. e4 f4 23. exd5 Ng6 24. Rfe1 Kf7 25. Bh5 Bd6 26. Ne6 Qf6 27. Rac1 Ra7 28. Nbc5 Qf5 29. Ne4 Qxd5 30. N4xg5+ Kg8 31. Bf3 Qf5 32. Be4 Qf6 33. Bd5 Bxe6 34. Nxe6 1-0

[Event "Decin op"]
[Site "Decin"]
[Date "1997.??.??"]
[Round "5"]
[White "Sakovich, Igor"]
[Black "Dolezal, Radoslav1111"]
[Result "1-0"]
[WhiteElo "2275"]
[BlackElo "2045"]
[PlyCount "107"]
[EventDate "1997.??.??"]
[EventType "swiss"]
[EventRounds "9"]
[EventCountry "CZE"]
[SourceTitle "EXT 1998"]
[Source "ChessBase"]
[SourceDate "1997.11.17"]
[SourceVersion "1"]
[SourceVersionDate "1997.11.17"]
[SourceQuality "1"]

1. d4 d5 2. Nf3 c6 3. Bf4 Nf6 4. e3 Bf5 5. c4 e6 6. Nc3 Nbd7 7. Qb3 Qb6 8. c5 Qxb3 9. axb3 Be7 10. b4 0-0 11. b5 Nh5 12. h3 Nxf4 13. exf4 f6 14. Nh4 Bg6 15. b4 Bf7 16. bxc6 bxc6 17. Ba6 Rfb8 18. Ra4 e5 19. Nf5 Bf8 20. dxe5 fxe5 21. fxe5 Nxe5 22. 0-0 Be8 23. Re1 Ng6 24. Ne2 Bd7 25. Ned4 Kf7 26. g3 Kf6 27. Ne3 Ne5 28. f4 Ng6 29. Kg2 h5 30. Kf3 Ne7 31. g4 g6 32. Kg3 Bg7 33. Nf3 Kf7 34. Nc2 Bc8 35. Ne5+ Bxe5 36. Rxe5 Bxa6 37. Rxa6 hxg4 38. hxg4 Rb7 39. Re1 Re8 40. Rd1 Rc8 41. Kf3 Rh8 42. Kg3 Rc8 43. Rd3 Rcc7 44. Ra4 Ng8 45. g5 Ne7 46. Nd4 Rb8 47. Rda3 Rbb7 48. Kg4 Nc8 49. Rh3 Ne7 50. Re3 Rb8 51. Re6 Ke8 52. Rf6 Kd7 53. Ne6 Rcb7 54. Nf8+ 1-0

[Event "Pardubice KB op"]
[Site "Pardubice"]
[Date "1996.??.??"]
[Round "1"]
[White "Moroz, Alexander"]
[Black "Sakovich, Igor"]
[Result "1-0"]
[WhiteElo "2500"]
[BlackElo "2265"]
[PlyCount "97"]
[EventDate "1996.07.??"]
[EventType "swiss"]
[EventRounds "9"]
[EventCountry "CZE"]
[SourceTitle "CBM 055 Extra"]
[Source "ChessBase"]
[SourceDate "1997.01.01"]
[SourceVersion "1"]
[SourceVersionDate "1997.01.01"]
[SourceQuality "1"]

1. e4 e5 2. Nf3 Nc6 3. Bb5 a6 4. Bxc6 dxc6 5. Nc3 f6 6. d4 exd4 7. Nxd4 c5 8. Nde2 Qxd1+ 9. Nxd1 Be6 10. Bf4 0-0-0 11. Ne3 Bd6 12. 0-0-0 Ne7 13. Rd2 Bf7 14. Rhd1 Bxf4 15. Nxf4 Rxd2 16. Rxd2 b6 17. f3 Rd8 18. h4 Rxd2 19. Kxd2 Kd7 20. a3 Kd6 21. Ne2 b5 22. Ng3 g6 23. f4 Nc6 24. Ng4 Ke7 25. Nf2 Kd6 26. Nf1 Na5 27. Ne3 Nb7 28. g4 h6 29. h5 gxh5 30. Nf5+ Ke6 31. gxh5 Nd6 32. Ng3 Ne8 33. Ng4 Ng7 34. f5+ Kd6 35. Ke3 Nxh5 36. Nxh5 Bxh5 37. Nxf6 Bd1 38. Kf4 Bxc2 39. e5+ Kc6 40. e6 Kd6 41. Ne8+ Ke7 42. Nxc7 Kd6 43. Ne8+ Ke7 44. Ng7 Kf6 45. Nh5+ Ke7 46. Ke5 Bxf5 47. Kxf5 b4 48. axb4 cxb4 49. Nf4 1-0

[Event "Decin op"]
[Site "Decin"]
[Date "1996.??.??"]
[Round "5"]
[White "Navrotescu, Catalin"]
[Black "Sakovich, Igor"]
[Result "1-0"]
[WhiteElo "2375"]
[BlackElo "2265"]
[PlyCount "79"]
[EventDate "1996.??.??"]
[EventType "swiss"]
[EventRounds "9"]
[EventCountry "CZE"]
[SourceTitle "CBM 053 Extra"]
[Source "ChessBase"]
[SourceDate "1996.09.01"]
[SourceVersion "1"]
[SourceVersionDate "1996.09.01"]
[SourceQuality "1"]

1. d4 d5 2. c4 Bf5 3. Nc3 e6 4. Bf4 c6 5. e3 Qb6 6. Qc1 Nf6 7. Nf3 h6 8. Be2 Nbd7 9. h3 Be7 10. c5 Qd8 11. b4 Ne4 12. Nxe4 Bxe4 13. 0-0 a6 14. Nd2 Bg6 15. a4 0-0 16. Bg3 Re8 17. Nb3 Bf8 18. Qc3 f6 19. b5 axb5 20. axb5 e5 21. Rxa8 Qxa8 22. Ra1 Qc8 23. Bf3 Bf7 24. b6 exd4 25. exd4 f5 26. Ra7 Nf6 27. Na5 Re7 28. Bc7 Ne8 29. Be5 g6 30. Be2 Bg7 31. Nxb7 Bxe5 32. dxe5 Qb8 33. Na5 Re6 34. f4 g5 35. g3 gxf4 36. gxf4 Rg6+ 37. Kh2 Nf6 38. Nxc6 Ng4+ 39. Bxg4 Rxc6 40. Bxf5 1-0

[Event "Pardubice op"]
[Site "Pardubice"]
[Date "1994.??.??"]
[Round "1"]
[White "Mokry, Karel"]
[Black "Sakovich, Igor"]
[Result "1-0"]
[WhiteElo "2530"]
[BlackElo "2290"]
[PlyCount "49"]
[EventDate "1994.07.??"]
[EventType "swiss"]
[EventRounds "9"]
[EventCountry "CZE"]
[SourceTitle "EXT 1997"]
[Source "ChessBase"]
[SourceDate "1996.11.15"]
[SourceVersion "1"]
[SourceVersionDate "1996.11.15"]
[SourceQuality "1"]

1. e4 e5 2. Nf3 Nc6 3. Bb5 Bc5 4. 0-0 Nd4 5. Nxd4 Bxd4 6. c3 Bb6 7. d3 Qh4 8. Nd2 c6 9. Ba4 d6 10. Nc4 Bc7 11. Ne3 Bd7 12. f4 Nh6 13. f5 Bb6 14. Kh1 g6 15. Bb3 gxf5 16. Nxf5 Nxf5 17. exf5 0-0 18. Rf3 Kh8 19. Rh3 Qf6 20. Rh5 Rg8 21. Rxh7+ Kxh7 22. Qh5+ Kg7 23. Bg5 Rh8 24. Bxf6+ Kxf6 25. Qxf7+ 1-0